000 00596nam a22001937a 4500
005 20250617155135.0
010 _aENG-145424
020 _a9788170495567
_c795.00
035 _aEN-128956
037 _bDBAD
082 _a921
100 _aShrivastava, Mrinalini
_982144
245 _aATAL BIHARI VAJPAYEE:
_b BORN PATRIOT/
_c Mrinalini Shrivastava [and] Rishi vashisht
250 _a1
260 _c2020
_bManas Publication
_aNew Delhi
270 _a4402/5-A, Ansari Road (opp. HDFC Bank) Daryaganj
_bNew Delhi
300 _a295p.
_c22cm(hb)
942 _2ddc
_cEN
_mSHR
_h921
999 _c211880
_d211880